Využitie internetových obchodov v marketingu

S využívaním internetu nastali zmeny v koncepcii predaja, ako aj v propagácii výrobkov, či služieb podnikov. Vznik nových pojmov - e-business, e-commerce, e-markets. Výhody a nevýhody na strane predávajúcich i kupujúcich. Internetový predaj zameraný na koncových zákazníkov - B2C (business to consume...

Descripción completa

Guardado en:
Detalles Bibliográficos
Autor principal: Záleský, Ivan, 1979-
Formato: Capítulo de libro
Lenguaje:eslovaco
Materias:
Etiquetas: Agregar Etiqueta
Sin Etiquetas, Sea el primero en etiquetar este registro!

MARC

LEADER 00000naa$a2200000$$$4500
001 0046992
005 20240502071536.8
041 0 |a slo 
044 |a SK 
245 1 0 |a Využitie internetových obchodov v marketingu  |c Ivan Záleský 
520 |a S využívaním internetu nastali zmeny v koncepcii predaja, ako aj v propagácii výrobkov, či služieb podnikov. Vznik nových pojmov - e-business, e-commerce, e-markets. Výhody a nevýhody na strane predávajúcich i kupujúcich. Internetový predaj zameraný na koncových zákazníkov - B2C (business to consumer). Internetový obchod medzi firmami - B2B (business to business). Internetový obchod medzi spotrebiteľmi - C2C (consumer to consumer). Internetový obchod iniciovaný spotrebiteľmi - C2B (consumer to business). Slovensko a on-line obchody. 
610 2 0 |a internet 
610 2 0 |a obchod elektronický 
610 2 0 |a zákazníci 
610 2 0 |a spotrebitelia 
610 2 0 |a firmy 
610 2 0 |a Slovensko 
100 1 |a Záleský, Ivan, 1979-